000 00682nam a2200181 4500
008 180105b xxu||||| |||| 00| 0 eng d
020 _a0316928984
082 _21986
_aDC 347.73066
_bR26
245 _aRegulatory reform :
_bwhat actually happened /
_ceditors, Leonard W. Weiss, Michael W. Klass.
260 _aBoston :
_bLittle, Brown,
_c©1986.
300 _aix, 316 pages :
_b illusrations ;
_c23 cm.
500 _aIncludes bibliographies and index.
650 0 _925531
_aTrade regulation
_z United States
650 0 _925532
_a Industrial policy
_zUnited States
700 _925533
_aWeiss, Leonard W, editor.
700 _925534
_a Klass, Michael W., editor.
942 _2ddc
_cDC
999 _c8252
_d8252